[Event "D-Klasse 2010 (D68)"]
[Site "Berlin-Weißensee"]
[Date "2010.05.15"]
[Round "6.4"]
[White "Wierzbicki, Jirawat"]
[Black "Kaufmann, Matthias"]
[Result "1-0"]
[WhiteElo "1183"]
[BlackElo "1300"]
[PlyCount "45"]
[EventDate "2010.??.??"]

1. e4 c5 2. Nf3 Nc6 3. d4 cxd4 4. Nxd4 Qc7 5. Be3 e5 6. Nf3 Bb4+ 7. c3 Be7 8.
Nbd2 Nf6 9. Bc4 d6 10. h3 O-O 11. Qe2 h6 12. O-O-O a6 13. a4 Bd7 14. g4 g5 {(=)
} 15. h4 Bxg4 16. hxg5 hxg5 17. Bxg5 Nh7 18. Bh6 Bg5 19. Bxf8 Bxd2+ 20. Rxd2
Ng5 21. Bxd6 Qd8 22. Bxe5 Qe8 23. Rh8# 1-0

[Event "D-Klasse 2010 (D68)"]
[Site "Berlin-Weißensee"]
[Date "2010.05.15"]
[Round "6.5"]
[White "Eichner, Enrico"]
[Black "Friedrich, Robert"]
[Result "0-1"]
[WhiteElo "856"]
[BlackElo "1217"]
[PlyCount "80"]
[EventDate "2010.??.??"]

1. d4 d5 2. e3 Nf6 3. Bd3 Nc6 4. f4 Bg4 5. Nf3 e6 6. Nbd2 Bd6 7. O-O O-O 8. Qe1
Nb4 9. Qe2 Nxd3 10. Qxd3 Bf5 11. Qb3 c5 12. a3 {(=)} cxd4 13. exd4 Bxf4 14. Nh4
Be3+ 15. Qxe3 Bxc2 16. Ndf3 Qd6 17. Rf2 Ng4 18. Qf4 Qxf4 19. Bxf4 Nxf2 20. Kxf2
Rac8 21. Ne5 Ba4 22. Nhf3 Rc2+ 23. Nd2 Rxb2 24. Kg3 Rc8 25. Ndf3 Rcc2 26. Ng5
f6 27. Bc1 Rxg2+ 28. Kf3 Rbf2+ 29. Ke3 fxe5 30. Nxe6 Rxh2 31. dxe5 Re2+ 32. Kf3
Rxe5 33. Bf4 Rxe6 34. Bxh2 d4 35. Ra2 d3 36. Rd2 Bb5 37. Bb8 a6 38. a4 Bc4 39.
Kf4 Re2 40. Rxe2 dxe2 0-1

[Event "D-Klasse 2010 (D68)"]
[Site "Berlin-Weißensee"]
[Date "2010.05.15"]
[Round "7.1"]
[White "Gressmann, Hanna"]
[Black "Donath, Johann"]
[Result "0-1"]
[WhiteElo "1044"]
[BlackElo "1408"]
[PlyCount "94"]
[EventDate "2010.??.??"]

1. e4 Nf6 2. e5 Nd5 3. d4 d6 4. exd6 exd6 5. Nf3 Nc6 6. Bb5 Bd7 7. O-O Be7 8.
Re1 O-O 9. Nbd2 a6 10. Ba4 Nb6 11. Bb3 Bg4 12. c3 Qd7 13. Ne4 Qf5 14. Bc2 Bxf3
15. Qxf3 Qxf3 16. gxf3 Rfe8 17. Bf4 Nd5 18. Bg3 Nf6 19. Nxf6+ Bxf6 20. Re3 Rxe3
21. fxe3 Re8 22. Re1 Na5 23. Bd3 Nc6 24. Re2 h5 25. h3 b5 26. b4 Ne7 27. e4 g6
28. Re1 Nc6 29. a3 Kh7 30. Kg2 Kh6 31. h4 Bg7 32. Kh3 f6 33. Re2 g5 34. Re1 Ne7
35. hxg5+ fxg5 36. Rg1 Ng6 37. Rg2 Rf8 38. Rf2 Nf4+ 39. Bxf4 Rxf4 40. Be2 g4+
41. Kg3 Kg5 42. fxg4 Rxe4 43. Bd1 Re3+ 44. Rf3 Re1 45. Rd3 hxg4 46. Bxg4 Rg1+
47. Kf3 Rxg4 0-1

[Event "D-Klasse 2010 (D68)"]
[Site "Berlin-Weißensee"]
[Date "2010.05.15"]
[Round "7.2"]
[White "Fabiunke, Jakob"]
[Black "Zhang, Yichi"]
[Result "1-0"]
[WhiteElo "1222"]
[BlackElo "805"]
[PlyCount "79"]
[EventDate "2010.??.??"]

1. d4 d5 2. Nf3 f6 3. c4 dxc4 4. Nc3 Nc6 5. e4 e5 6. dxe5 Qxd1+ 7. Nxd1 fxe5 8.
Bxc4 Nf6 9. Ng5 h6 10. Nf7 Rh7 11. O-O Nd4 12. Nxe5 Nxe4 13. Bd3 Bf5 14. Be3
Bc5 15. g4 Nd2 {(=)} 16. Bxf5 Nxf1 17. Bxh7 Nxe3 18. Nxe3 O-O-O 19. Bf5+ Nxf5
20. Nxf5 Rd2 21. Ne3 Bd4 22. Nf3 Bxb2 23. Rb1 Re2 24. Kf1 Rxe3 25. fxe3 Ba3 26.
Rd1 Bd6 27. Nd4 Bxh2 28. Ne6 b6 29. Nxg7 Kb7 30. e4 a5 31. Nf5 c5 32. Nxh6 Bf4
33. Nf7 c4 34. g5 c3 35. g6 c2 36. Re1 Bd2 37. Ra1 Bh6 38. Nxh6 b5 39. g7 b4
40. g8=Q 1-0

[Event "D-Klasse 2010 (D68)"]
[Site "Berlin-Weißensee"]
[Date "2010.05.15"]
[Round "7.3"]
[White "Kaufmann, Matthias"]
[Black "Kantusch, Tobias"]
[Result "1-0"]
[WhiteElo "1300"]
[BlackElo "886"]
[PlyCount "53"]
[EventDate "2010.??.??"]

1. c4 c5 2. b3 Nf6 3. Bb2 d5 4. cxd5 Nxd5 5. Nc3 e5 6. Nxd5 Qxd5 7. e3 Bf5 8.
d3 Nc6 9. e4 Qd7 10. exf5 Qxf5 11. Qf3 Qd7 12. Bc3 Nb4 13. Bxb4 cxb4 14. Rc1
Be7 15. Qg3 Bf6 16. Nf3 O-O 17. Be2 Rfe8 18. O-O a5 19. Rfe1 e4 20. dxe4 Rxe4
21. Bc4 Rxe1+ 22. Nxe1 Qd2 23. Qe3 Qxa2 24. Bd3 a4 25. Qc5 h6 26. Qc8+ Rxc8 27.
Rxc8+ 1-0

[Event "D-Klasse 2010 (D68)"]
[Site "Berlin-Weißensee"]
[Date "2010.05.15"]
[Round "7.4"]
[White "Reichert, Lutz"]
[Black "Eichner, Enrico"]
[Result "1-0"]
[WhiteElo "1360"]
[BlackElo "856"]
[PlyCount "67"]
[EventDate "2010.??.??"]

1. g3 d5 2. Nf3 e6 3. Bg2 Bd6 4. O-O f5 5. d3 Nf6 6. c4 c6 7. b3 O-O 8. Bb2 Bd7
9. Nbd2 Be8 10. Rc1 Nbd7 11. Rc2 Bg6 12. Qa1 Qc7 13. cxd5 exd5 14. Re1 Ng4 15.
Ng5 (15. Bxg7) 15... Qd8 (15... Qb6 16. Bd4 Be5) 16. Ne6 Qe7 17. Nxf8 Qxf8 18.
Nf3 Qb8 19. Bxg7 Be5 20. Bxe5 Ndxe5 21. Nxe5 Nxe5 22. f4 Ng4 23. e4 fxe4 24.
dxe4 Qe8 25. Rce2 Nh6 26. exd5 Qf7 27. Re7 Qf8 28. dxc6 bxc6 29. Bxc6 Rc8 30.
Bd5+ Bf7 31. Bxf7+ Nxf7 32. Qd4 Rd8 33. Qe4 Nd6 34. Qxh7# 1-0

[Event "D-Klasse 2010 (D68)"]
[Site "Berlin-Weißensee"]
[Date "2010.05.15"]
[Round "7.5"]
[White "Friedrich, Robert"]
[Black "Wierzbicki, Jirawat"]
[Result "0-1"]
[WhiteElo "1217"]
[BlackElo "1183"]
[PlyCount "88"]
[EventDate "2010.??.??"]

1. e4 c5 2. Nf3 d6 3. Bc4 Nf6 4. d3 e6 5. Bg5 Be7 6. c3 Nc6 7. Nbd2 a6 8. a3
Na5 9. Ba2 b5 10. b4 Nb7 11. bxc5 Nxc5 12. O-O O-O 13. Re1 Nxd3 14. Re3 Nc5 15.
c4 Ng4 16. Bxe7 Nxe3 17. Qe2 Qxe7 18. Qxe3 Bd7 19. cxb5 Bxb5 20. Bb1 Qf6 21. e5
dxe5 22. Qxc5 e4 23. Nxe4 Qxa1 24. Nc3 Rfc8 25. Qb4 Qxc3 26. Qe4 Qc1+ 27. Ne1
Qh6 28. a4 Bc6 29. Qd3 Qg6 30. Qb3 Qf6 31. Qh3 h6 32. Qd3 g6 33. Qe3 Qg7 34.
Nf3 Rab8 35. Bd3 Rb3 36. Nd4 Rb4 37. Nxc6 Rxc6 38. Qd2 Qa1+ 39. Bf1 Rb1 40.
Qd8+ Kg7 41. Qd3 Rcc1 42. h3 Rxf1+ 43. Kh2 Qe5+ 44. g3 Rxf2# 0-1

[Event "D-Klasse 2010 (D68)"]
[Site "Berlin-Weißensee"]
[Date "2010.05.16"]
[Round "8.3"]
[White "Eichner, Enrico"]
[Black "Fabiunke, Jakob"]
[Result "0-1"]
[WhiteElo "856"]
[BlackElo "1222"]
[PlyCount "34"]
[EventDate "2010.??.??"]

1. d4 d5 2. e3 Nf6 3. Bd3 Nc6 4. c3 e5 5. f4 Bg4 6. Ne2 exf4 7. exf4 Bd6 8. O-O
O-O 9. Be3 Re8 10. Bf2 Bxf4 11. Re1 Qd6 12. Bh4 Bxh2+ 13. Kh1 Re3 14. Bxf6 Qxf6
15. Kxh2 Rh3+ 16. gxh3 Qf2+ 17. Kh1 Bf3# 0-1

[Event "D-Klasse 2010 (D68)"]
[Site "Berlin-Weißensee"]
[Date "2010.05.16"]
[Round "8.4"]
[White "Kantusch, Tobias"]
[Black "Friedrich, Robert"]
[Result "1-0"]
[WhiteElo "886"]
[BlackElo "1217"]
[PlyCount "85"]
[EventDate "2010.??.??"]

1. e4 e5 2. Nf3 Nc6 3. d4 exd4 4. Nxd4 Nf6 5. Nc3 Bc5 6. Be3 d5 7. Nxc6 bxc6 8.
Bxc5 dxe4 9. Qxd8+ Kxd8 10. O-O-O+ Bd7 11. g3 Re8 12. Bg2 Rb8 13. Bxa7 Rb7 14.
Bd4 Ke7 15. Bxf6+ gxf6 16. Bxe4 f5 17. Bf3 Reb8 18. Rhe1+ Kf6 19. Rxd7 Rxb2 20.
Rxc7 R2b6 21. Rxc6+ Rxc6 22. Bxc6 Rc8 23. Nd5+ Kg7 24. Ne7 Rc7 25. Nxf5+ Kf6
26. Be4 Rc5 27. Rd1 Re5 28. Rd6+ Kg5 29. f4+ Kg4 30. fxe5 Kg5 31. h4+ Kg4 32.
Ne3+ Kxg3 33. Bxh7 Kxh4 34. e6 fxe6 35. Rxe6 Kg5 36. a4 Kf4 37. a5 Kf3 38. a6
Kf4 39. a7 Kf3 40. a8=Q+ Kf4 41. Qe4+ Kg3 42. Qg2+ Kf4 43. Qg4# 1-0

[Event "D-Klasse 2010 (D68)"]
[Site "Berlin-Weißensee"]
[Date "2010.05.16"]
[Round "8.5"]
[White "Wierzbicki, Jirawat"]
[Black "Reichert, Lutz"]
[Result "0-1"]
[WhiteElo "1183"]
[BlackElo "1360"]
[PlyCount "54"]
[EventDate "2010.??.??"]

1. e4 d6 2. d4 Nf6 3. f3 e5 4. Be3 exd4 5. Bxd4 Be7 6. Nc3 O-O 7. Bd3 Nc6 8.
Be3 a6 9. a3 Be6 10. Nge2 Ne5 11. Nf4 Nxd3+ 12. Nxd3 Re8 13. Nf4 Bf8 14. Nxe6
Rxe6 15. O-O Qd7 16. Ne2 g6 17. Nf4 Ree8 18. Bd4 Bg7 19. Nd5 Nxd5 20. Bxg7 Ne3
21. Qd4 Nxf1 22. Bh8 f6 23. Bxf6 Nxh2 24. e5 Nxf3+ 25. gxf3 Qf7 26. Bh8 Kxh8
27. e6+ Qg7 0-1

[Event "D-Klasse 2010 (D68)"]
[Site "Berlin-Weißensee"]
[Date "2010.05.16"]
[Round "9.2"]
[White "Zhang, Yichi"]
[Black "Eichner, Enrico"]
[Result "1-0"]
[WhiteElo "805"]
[BlackElo "856"]
[PlyCount "89"]
[EventDate "2010.??.??"]

1. e4 d5 2. exd5 Nf6 3. d4 Nxd5 4. c4 Nf6 5. Nc3 Bg4 6. Be2 Bxe2 7. Ngxe2 Ne4
8. Nxe4 e5 9. d5 Bb4+ 10. Bd2 Bxd2+ 11. Qxd2 O-O 12. O-O c6 13. d6 Nd7 14. c5
b6 15. b4 b5 16. Qg5 Qxg5 17. Nxg5 h6 18. Ne4 Rae8 19. a4 Rb8 20. axb5 Rxb5 21.
Rxa7 Rd8 22. Ra5 Rxb4 23. N2c3 Rdb8 24. Ra7 Rd8 25. Re1 Rbb8 26. Rc7 Ra8 27.
Rxc6 Rac8 28. Rxc8 Rxc8 29. Nd5 Kf8 30. Nb6 Nxb6 {(=)} 31. cxb6 Ke8 32. Rd1 Kd7
33. b7 Rb8 34. Nc5+ Kd8 35. d7 g5 36. Rd5 f6 {(=)} 37. g3 g4 38. Kg2 h5 39. h3
Rxb7 40. Nxb7+ Kc7 41. d8=Q+ Kxb7 42. Qxf6 Kc8 43. Qe7 gxh3+ 44. Kxh3 h4 45.
Rd8# 1-0

[Event "D-Klasse 2010 (D68)"]
[Site "Berlin-Weißensee"]
[Date "2010.05.16"]
[Round "9.3"]
[White "Friedrich, Robert"]
[Black "Gressmann, Hanna"]
[Result "1/2-1/2"]
[WhiteElo "1217"]
[BlackElo "1044"]
[PlyCount "56"]
[EventDate "2010.??.??"]

1. e4 e5 2. Nf3 Nc6 3. Bc4 Nf6 4. d3 Bc5 5. Bg5 d6 6. O-O Bg4 7. c3 Qe7 8. Nbd2
h6 9. Be3 Bb6 10. Qc2 Nh5 11. d4 Qf6 12. dxe5 Nxe5 13. Nxe5 Qxe5 14. Qa4+ Bd7
15. Qb3 Be6 16. Nf3 Bxc4 17. Qxc4 Qe7 18. Qa4+ Qd7 19. Qxd7+ Kxd7 20. Bxb6 axb6
21. a3 Rhe8 22. Rfe1 f6 23. Rad1 Rad8 24. g3 Kc8 25. Rd5 g6 26. Nh4 Rg8 27. Re3
c6 28. Rd4 g5 1/2-1/2

[Event "D-Klasse 2010 (D68)"]
[Site "Berlin-Weißensee"]
[Date "2010.05.16"]
[Round "9.4"]
[White "Fabiunke, Jakob"]
[Black "Wierzbicki, Jirawat"]
[Result "0-1"]
[WhiteElo "1222"]
[BlackElo "1183"]
[PlyCount "92"]
[EventDate "2010.??.??"]

1. d4 Nf6 2. c4 c5 3. dxc5 e5 4. Nc3 Bxc5 5. Bg5 h6 6. Bh4 Nc6 7. e3 Be7 8. Bd3
d5 9. Bxf6 Bxf6 10. cxd5 Ne7 11. Bc4 Nf5 12. Nf3 Nd6 13. Bb3 Bf5 14. Nd2 e4 15.
Ba4+ Kf8 16. Bb3 Rc8 17. Rc1 Qa5 18. O-O Bxc3 19. Rxc3 Rxc3 20. bxc3 Qxc3 21.
Qc1 Qf6 22. Qc7 Qe7 23. Qb8+ Nc8 24. d6 Qxd6 25. Qxd6+ Nxd6 26. Rc1 {(=)} Ke7
27. Bd5 Kd7 28. h3 Rc8 29. Rxc8 Kxc8 30. Kf1 Kd7 31. Ke2 Be6 32. Bb3 Bxb3 33.
Nxb3 Nc4 34. Nc5+ Kc6 35. Nxe4 b5 36. Kd3 a5 37. g3 Kd5 38. Nc3+ Kc5 39. h4 Kb4
40. g4 Ne5+ 41. Kd4 Nf3+ 42. Kd3 Nxh4 43. f4 Ng6 44. Nb1 Ne7 45. f5 {(=)} Nc6
46. e4 Ne5+ {weiß gab auf} 0-1

[Event "D-Klasse 2010 (D68)"]
[Site "Berlin-Weißensee"]
[Date "2010.05.16"]
[Round "9.5"]
[White "Reichert, Lutz"]
[Black "Kantusch, Tobias"]
[Result "1-0"]
[WhiteElo "1360"]
[BlackElo "886"]
[PlyCount "71"]
[EventDate "2010.??.??"]

1. g3 e5 2. c4 Nf6 3. Bg2 Bc5 4. Nc3 c6 5. e3 d5 6. cxd5 cxd5 7. d4 exd4 8.
exd4 Bb4 9. Nge2 O-O 10. O-O Bf5 11. Bg5 Be7 12. Bxf6 Bxf6 13. Nxd5 Bg5 14. Ne3
Qd7 15. Nxf5 Qxf5 16. Bxb7 Nd7 17. Bxa8 Rxa8 18. Qb1 Qh3 19. Qe4 Rf8 20. Nf4
Bxf4 21. Qxf4 Nf6 22. Qh4 Qd7 23. Rac1 Qb7 24. Rc2 Rd8 25. Rfc1 a6 26. Qh3 h6
27. Rc8 Rxc8 28. Qxc8+ Qxc8 29. Rxc8+ Kh7 30. Rc6 Nd5 31. Rxa6 Nb4 32. Ra4 Nd3
33. b4 Nb2 34. Ra3 Nc4 35. Rc3 Nd6 36. a4 1-0